| 000 | 00751nam a2200205Ii 4500 | ||
|---|---|---|---|
| 003 | JO-AjNU | ||
| 008 | 230605s9999||||xx |||||||||||||| ||und|| | ||
| 017 | _a1994/3/229 | ||
| 040 |
_aJO-AjNU _bara _erda _cJO-AjNU |
||
| 041 | _aara | ||
| 050 | 1 | 4 | _aHD37.A74 1994 |
| 100 | 3 |
_aعقيلي، عمر وصفي ....واخرون, _eauthor _919757 |
|
| 245 | 0 | 0 | _aوظائف منظمات الاعمال |
| 264 | 3 | 1 | _aعمان: مؤسسة زهران للطباعة والنشر ، 1994 |
| 300 |
_a344ص _bيحتوي على ببلوغرافية من ص338-344ص |
||
| 336 |
_atext _btxt _2rdacontent |
||
| 337 |
_aunmediated _bn _2rdamedia |
||
| 338 |
_avolume _bnc _2rdacarrier |
||
| 650 | 4 |
_aادارة الاعمال - الادارة الصناعية _919758 |
|
| 999 |
_aA6576 _c10144 _d10144 |
||